Gran Galà del calcio AIC 2018 - Statistics

Statistiche generali
  • Questo quiz è stato fatto 96 volte
  • Il punteggio medio è 13 su 18
Statistiche sulle risposte
Categoria Nazione Squadra Calciatore % Corretto
Squadra dell'anno: Portiere Brasile Roma Alisson
100%
Squadra dell'anno: Difensore Senegal Napoli Kalidou Koulibaly
96%
Squadra dell'anno: Difensore Italia Juventus Giorgio Chiellini
95%
Squadra dell'anno: Centrocampista Bosnia ed Erzegovina Juventus Miralem Pjanić
93%
Squadra dell'anno: Centrocampista Serbia Lazio Sergej Milinković-Savić
88%
Squadra dell'anno: Difensore Brasile Juventus Alex Sandro
86%
Squadra dell'anno: Attaccante Argentina Juventus Paulo Dybala
85%
Squadra dell'anno: Attaccante Italia Lazio Ciro Immobile
82%
Squadra dell'anno: Difensore Portogallo Inter João Cancelo
82%
Squadra dell'anno: Attaccante Argentina Inter Mauro Icardi
82%
Migliore allenatore Italia Juventus Massimiliano Allegri
80%
Migliore calciatore assoluto Argentina Inter Mauro Icardi
80%
Squadra dell'anno: Centrocampista Belgio Roma Radja Nainggolan
77%
Migliore calciatore della Serie B Italia Brescia Sandro Tonali
47%
Premio alla carriera Italia Roma Francesco Totti
46%
Miglior società - - Juventus
41%
Migliore arbitro - - Gianluca Rocchi
24%
Premio alla carriera Italia Juventus Andrea Pirlo
16%
Nessun quiz corrispondente trovato
Distribuzione punteggi
Percentuale di utenti per punteggio
Percentile per numero di risposta
I tuoi punteggi nel tempo
Non hai fatto questo quiz